Cities in Australia-Sudden Death - Statistics

General Stats
  • This quiz has been taken 50 times
  • The average score is 12 of 17
Answers on the Grid
Answers color-coded by a green-red scale on the quiz's grid according to % correct below.
Perth
Washington D.C.
Lincoln
Derby
Vancouver
Victor Harbor
Invercargill
Sydney
Melbourne
Adelaide
Kupang
Brisbane
Duisburg
Montreal
Canberra
Villeurbanne
Venice
Coober Pedy
Toowoomba
Cairns
Sunshine Coast
Auckland
Port Moresby
Townsville
Toulouse
Gold Coast
Halifax
Newcastle
Emerald
Kalgoorlie Boulder
 
Answer Stats
Answer % Correct
Perth
93%
Brisbane
88%
Melbourne
88%
Sydney
88%
Adelaide
85%
Cairns
83%
Canberra
83%
Gold Coast
76%
Sunshine Coast
71%
Newcastle
66%
Toowoomba
66%
Coober Pedy
59%
Kalgoorlie Boulder
56%
Townsville
56%
Victor Harbor
54%
Emerald
34%
Derby
17%
No matching quizzes found
Score Distribution
Percent of People with Each Score
Percentile by Number Answered
Your Score History
You have not taken this quiz